000 01358nam a22003857a 4500
001 000000089
003 CHAP
005 20220329132908.0
008 971010s1982 mx r 00010 spa d
010 _a40
011 _a1012
035 _a153
040 _cCHAP
090 _aFolleto 7899
100 0 0 _aHoyo Arana, José Félix.
_956527
245 1 0 _aDesarrollo del capitalismo agrario y lucha de clases en la costa y sierra de Guerrero /
_c/por José Félix Hoyo Arana y Olga Cárdenas T.
260 _aChapingo, Méx. :
_bUACH. Departamento de Sociología Rural,
_c1982.
300 _a43 p.
590 _aBATCH-UPD
_b10
_c20130110
_lUCH01
_h1039
590 _aBATCH-UPD
_b10
_c20130410
_lUCH01
_h0639
590 _aBATCH-UPD
_b10
_c20130914
_lUCH01
_h0018
590 _aCONVERSION
_b10
_c20130109
_lUCH01
_h1302
590 _aE5995AHE
_b05
_c20150204
_lUCH01
_h0936
650 1 4 _aAgricultura y Estado
_xMéxico.
_92054
650 1 4 _aAgricultura
_xGuerrero.
_91506
650 1 4 _aCampesinado
_xGuerrero.
_918017
700 0 _aCárdenas T., Olga.
_924101
901 _aBK
942 _cFOLL
942 _n0
949 _aFolleto 7899
_bBC
_cFOLL
_d-143845
_eTS1
_i153
_si
949 _aFolleto 7899
_bBC
_cFOLL
_d-143847
_eTS2
_fc.3
_i153
_si
949 _aFolleto 7899
_bBC
_cFOLL
_d-143848
_eTS2
_fc.4
_i153
_si
949 _aFolleto 7899
_bBC
_cUACH
_d-143846
_eUACH
_fc.2
_i153
_si
999 _c40
_d40